000 00338nam a2200133Ia 4500
008 240624s9999 xx 000 0 und d
041 _aeng
082 _a658.382 MIL
100 _aMILLER REX
245 _aHEALTHY WORKPLACE NUDGE HOW HEALTHY PEOP
260 _c2018
_aNew Jersey
_bWiley
300 _axxi, 296 p.; 23 cm.
365 _c
_b35
999 _c31622
_d31622